Statistics for World's happiest 10 countries for each year

Click here to take the quiz!

General Stats

  • This quiz has been taken 68 times
  • The average score is 54 of 59

Answer Stats

RankAnswer% Correct
10Sweden
98%
10Sweden
98%
2Sweden
98%
5Sweden
98%
9Sweden
98%
8Sweden
98%
3Denmark
97%
1Denmark
97%
1Denmark
97%
2Denmark
97%
3Denmark
97%
1Denmark
97%
5Finland
97%
7Finland
97%
6Finland
97%
5Finland
97%
1Finland
97%
5Finland
97%
4Norway
97%
2Norway
97%
4Norway
97%
1Norway
97%
2Norway
97%
10Australia
94%
10Australia
94%
10Australia
94%
9Australia
94%
4Australia
94%
9Australia
94%
7Canada
91%
5Canada
91%
6Canada
91%
3Canada
91%
6Canada
91%
7Canada
91%
9Iceland
91%
2Iceland
91%
3Iceland
91%
3Iceland
91%
4Iceland
91%
8New Zealand
89%
8New Zealand
89%
8New Zealand
89%
9New zealand
89%
8New Zealand
89%
3Switzerland
89%
4 Switzerland
89%
1Switzerland
89%
5Switzerland
89%
2 Switzerland
89%
4Netherlands
88%
7Netherlands
88%
6Netherlands
88%
7Netherlands
88%
6Netherlands
88%
9Netherlands
88%
8Austria
78%
7Israel
45%
6Venezuela
18%

Score Distribution

Percentile by Number Answered

Percent of People with Each Score

Your Score History

You have not taken this quiz